[Event "GRE-ch U10"]
[Site "Achaia"]
[Date "2017.06.30"]
[Round "7"]
[White "Aslanidis, Thiseas"]
[Black "Magalakis, Stefanos"]
[Result "0-1"]
[WhiteElo "1188"]
[BlackElo "1332"]
[PlyCount "60"]
[EventDate "2017.06.26"]
[EventType "swiss"]
[EventRounds "9"]
[EventCountry "GRE"]
[SourceTitle "EXT 2018"]
[Source "ChessBase"]
[SourceDate "2017.10.13"]
[SourceVersion "1"]
[SourceVersionDate "2017.10.13"]
[SourceQuality "1"]

1. d4 Nf6 2. c4 g6 3. Nc3 Bg7 4. e4 d6 5. f3 0-0 6. Be3 Nbd7 7. Bd3 c5 8. d5 Ne5 9. Nge2 Nfd7 10. Qd2 Nxd3+ 11. Qxd3 Ne5 12. Qd2 Nxc4 13. Qc1 Nxe3 14. Qxe3 a6 15. 0-0 b5 16. a3 Rb8 17. b4 Qb6 18. Rac1 Bd4 19. Nxd4 cxd4 20. Qf2 dxc3 21. Qxb6 Rxb6 22. Rxc3 e6 23. Rfc1 Bb7 24. dxe6 fxe6 25. Kh1 d5 26. exd5 Bxd5 27. Rc7 Rf7 28. Rc8+ Kg7 29. Rd8 Rc6 30. Ra1 Rfc7 0-1